[Event "III Open Praiascacchi"]
[Site "Praia a Mare ITA"]
[Date "2011.04.22"]
[Round "5"]
[White "Attina', Rodolfo"]
[Black "Levato, Biagio"]
[Result "1/2-1/2"]
[WhiteElo "1425"]
[BlackElo "1544"]
[PlyCount "106"]
[EventDate "2011.04.20"]

1. b4 Nf6 2. d4 g6 3. e3 d5 4. Be2 Bg7 5. Bb2 O-O 6. a3 Re8 7. Nc3 Nbd7 8. Nh3
c6 9. Nf4 e5 10. Nh3 exd4 11. exd4 b5 12. O-O Nb6 13. Nf4 Ne4 14. Bf3 Nxc3 15.
Bxc3 Na4 16. Be1 Nb2 17. Qd2 Qf6 18. g3 Nc4 19. Qc3 g5 20. Nh5 Qxd4 21. Nxg7
Qxg7 22. Qxg7+ Kxg7 23. Bc3+ Kg6 24. Rfe1 Bf5 25. Rxe8 Rxe8 26. Bd4 a6 27. c3
g4 28. Bg2 Nd2 29. Be3 Nc4 30. Bd4 Nd6 31. f3 gxf3 32. Bxf3 Nc4 33. Kf2 Nd2 34.
Bd1 Nc4 35. a4 Nb2 36. axb5 axb5 37. Be2 Nd3+ 38. Bxd3 Bxd3 39. Be3 Re6 40. Rd1
Bc4 41. Rd4 Re4 42. Rd1 Kf5 43. h3 h5 44. Re1 Ke6 45. Bd4 Rxe1 46. Kxe1 f5 47.
Kf2 Bd3 48. Kf3 Be4+ 49. Kf4 Bg2 50. h4 Bh3 51. Kg5 Bg4 52. Kf4 Bh3 53. Kg5 Bg4
1/2-1/2

[Event "III Open Praiascacchi"]
[Site "Praia a Mare ITA"]
[Date "2011.04.22"]
[Round "5"]
[White "Campilongo, Emanuele"]
[Black "Chite', Carmelo"]
[Result "0-1"]
[WhiteElo "1419"]
[BlackElo "1458"]
[PlyCount "110"]
[EventDate "2011.04.20"]

1. e4 d5 2. Nc3 d4 3. Nce2 e5 4. Nf3 Nc6 5. c3 Nf6 6. d3 Bg4 7. Bg5 h6 8. Bxf6
Qxf6 9. Nd2 Bc5 10. c4 Nb4 11. Nb3 O-O 12. Nxc5 Qb6 13. Nb3 a5 14. a3 Nc6 15.
h3 Bh5 16. g4 Bg6 17. Ng3 a4 18. Nd2 Qa5 19. Nf5 b5 20. Rb1 f6 21. cxb5 Qxb5
22. b3 Qa6 23. bxa4 Bf7 24. Qc2 Be8 25. Qb3+ Bf7 26. Qb5 Qxb5 27. Rxb5 Rxa4 28.
Be2 Rxa3 29. O-O Ra2 30. Rd1 Be8 31. Rbb1 Na7 32. Ne7+ Kf7 33. Nd5 Nb5 34. Ra1
Rc2 35. Rac1 Ra2 36. Nxc7 Nc3 37. Ra1 Nxe2+ 38. Kh2 Nc3 39. Rdc1 Rxd2 40. Nxe8
Rxe8 41. Ra7+ Re7 42. Rca1 Rxa7 43. Rxa7+ Kg6 44. h4 Rxd3 45. Kg2 Ne2 46. h5+
Kh7 47. f3 Nf4+ 48. Kg3 Rc3 49. g5 fxg5 50. Kg4 d3 51. Rd7 Rc1 52. Kf5 Rf1 53.
Kxe5 Rxf3 54. Kd6 d2 55. Ke5 Rd3 0-1

[Event "III Open Praiascacchi"]
[Site "Praia a Mare ITA"]
[Date "2011.04.22"]
[Round "5"]
[White "Carlomagno, Vincenzo"]
[Black "Mileo, Miguelito"]
[Result "0-1"]
[WhiteElo "1871"]
[BlackElo "1824"]
[PlyCount "114"]
[EventDate "2011.04.20"]

1. e4 Nf6 2. e5 Nd5 3. d4 d6 4. Nf3 Bf5 5. Bc4 c6 6. O-O dxe5 7. Nxe5 Nd7 8.
Nf3 e6 9. Re1 Be7 10. Nbd2 h6 11. Ne4 N7f6 12. Ng3 Bg4 13. c3 Qc7 14. h3 Bxf3
15. Qxf3 O-O-O 16. Bd2 Bd6 17. a3 Bf4 18. Bxf4 Qxf4 19. Qxf4 Nxf4 20. Rad1 Rd7
21. Ne4 Nxe4 22. Rxe4 Nd5 23. Rg4 g5 24. Re4 Rhd8 25. Rde1 Kc7 26. h4 Rg8 27.
Re5 Kd6 28. Kh2 b5 29. Bxd5 cxd5 30. a4 Rb7 31. axb5 Rxb5 32. R1e2 a6 33. Kh3
g4+ 34. Kg3 Rg6 35. Kf4 f5 36. b4 Kd7 37. Ra2 Rb6 38. Ree2 Kc6 39. h5 Rf6 40.
Ke5 Rf7 41. Kxe6 Rbb7 42. Rxa6+ Kb5 43. Ra5+ Kc4 44. Rc2 Rbe7+ 45. Kd6 Rd7+ 46.
Ke5 Rde7+ 47. Kf4 Re4+ 48. Kg3 Rg7 49. Ra6 f4+ 50. Kh2 f3 51. gxf3 gxf3 52. Rg6
Rf7 53. Rxh6 Re2 54. Rc1 Rxf2+ 55. Kg3 Rg2+ 56. Kh3 Rf5 57. Rf1 Rfg5 0-1

[Event "III Open Praiascacchi"]
[Site "Praia a Mare ITA"]
[Date "2011.04.22"]
[Round "5"]
[White "Cordi', Domenico"]
[Black "Valotta, Massimiliano"]
[Result "1/2-1/2"]
[WhiteElo "2042"]
[BlackElo "1856"]
[PlyCount "100"]
[EventDate "2011.04.20"]

1. Nf3 c5 2. c4 g6 3. g3 Bg7 4. Bg2 Nc6 5. O-O d6 6. Nc3 e6 7. d3 Nge7 8. Bg5
h6 9. Bd2 O-O 10. Rb1 d5 11. cxd5 exd5 12. a3 Be6 13. b4 b6 14. bxc5 bxc5 15.
Qc1 Kh7 16. Na4 c4 17. dxc4 dxc4 18. Nc5 Bf5 19. e4 Bg4 20. Bc3 Bxc3 21. Qxc3
Bxf3 22. Bxf3 Qd4 23. Na4 Qxc3 24. Nxc3 Nd4 25. Bg2 Rab8 26. Rfd1 Rxb1 27. Rxb1
Nec6 28. f4 Rd8 29. Rb7 Rb8 30. Rxb8 Nxb8 31. e5 Nc2 32. a4 Nd7 33. Kf2 Kg7 34.
Be4 Nb4 35. Ke3 f5 36. exf6+ Kxf6 37. Kd4 g5 38. Kxc4 Na6 39. Bc6 Nb6+ 40. Kd4
gxf4 41. gxf4 Kf5 42. a5 Nb8 43. Be4+ Kxf4 44. axb6 axb6 45. Nd5+ Kg4 46. Bg2
Nd7 47. Ne3+ Kf4 48. Bh3 Nf6 49. Be6 h5 50. h3 Nh7 1/2-1/2

[Event "III Open Praiascacchi"]
[Site "Praia a Mare ITA"]
[Date "2011.04.22"]
[Round "5"]
[White "Di Salvio, Giuseppe"]
[Black "Barlotti, Gabriele"]
[Result "1-0"]
[WhiteElo "1864"]
[BlackElo "1688"]
[PlyCount "36"]
[EventDate "2011.04.20"]

1. d4 d5 2. Nf3 Nf6 3. g3 Bf5 4. Bg2 e6 5. O-O c6 6. Nbd2 Be7 7. c3 O-O 8. Nh4
Bg6 9. Nxg6 fxg6 10. Qb3 Qb6 11. Qxb6 axb6 12. Re1 Ng4 13. Nf3 Nf6 14. Bh3 e5
15. Nxe5 h5 16. Nxg6 Re8 17. Bf4 c5 18. Nxe7+ Rxe7 1-0

[Event "III Open Praiascacchi"]
[Site "Praia a Mare ITA"]
[Date "2011.04.22"]
[Round "5"]
[White "Felace, Luca"]
[Black "Brogneri, Giovanni"]
[Result "1-0"]
[WhiteElo "1407"]
[BlackElo "1696"]
[PlyCount "83"]
[EventDate "2011.04.20"]

1. e4 e6 2. d4 b6 3. Nc3 Bb7 4. Nf3 Bb4 5. Bd3 Nf6 6. Bd2 Bxc3 7. Bxc3 Nxe4 8.
Bxe4 Bxe4 9. Qe2 Bb7 10. Rd1 O-O 11. O-O Ba6 12. Qe5 d6 13. Qh5 Bxf1 14. Kxf1
Nd7 15. Bd2 Nf6 16. Qh3 Ne4 17. Be3 f5 18. Qh5 f4 19. Bc1 Qf6 20. Re1 d5 21.
Ne5 Qf5 22. Qh4 g5 23. Qh5 Nf6 24. Qe2 Rae8 25. c3 g4 26. f3 gxf3 27. Qxf3 Nh5
28. Kg1 Re7 29. b3 Rg7 30. Ba3 Rf6 31. c4 c6 32. Nxc6 Rfg6 33. Ne7+ Kf7 34.
Nxf5 Rxg2+ 35. Qxg2 Rxg2+ 36. Kxg2 exf5 37. Re7+ Kg6 38. cxd5 Nf6 39. Re6 Kf7
40. Rxf6+ Kxf6 41. Kf3 Kg5 42. d6 1-0

[Event "III Open Praiascacchi"]
[Site "Praia a Mare ITA"]
[Date "2011.04.22"]
[Round "5"]
[White "Frontera, Domenico"]
[Black "Ponticelli, Carmine"]
[Result "1-0"]
[WhiteElo "1753"]
[BlackElo "1470"]
[PlyCount "89"]
[EventDate "2011.04.20"]

1. e4 e5 2. Nf3 d6 3. Nc3 Nf6 4. d4 Bg4 5. dxe5 Bxf3 6. gxf3 dxe5 7. Qxd8+ Kxd8
8. Bg5 Be7 9. O-O-O+ Nfd7 10. Bxe7+ Kxe7 11. Nb5 Nc6 12. Nxc7 Rad8 13. Nd5+ Ke8
14. c3 Nf6 15. Bb5 a5 16. Rd3 Nxd5 17. Rxd5 f6 18. Rhd1 Ke7 19. Bxc6 bxc6 20.
Rxa5 Rxd1+ 21. Kxd1 Rd8+ 22. Kc2 Rd7 23. a4 Kd6 24. b4 g6 25. Ra6 Rc7 26. b5
Kc5 27. b6 Rb7 28. a5 Kb5 29. Ra7 Rb8 30. Kb3 c5 31. c4+ Kc6 32. Rc7+ Kd6 33.
Rxh7 Kc6 34. Rc7+ Kd6 35. Ka4 Rh8 36. Kb5 Rxh2 37. Rxc5 Rxf2 38. Rc6+ Ke7 39.
c5 Rxf3 40. Rc7+ Kd8 41. Kc6 Rc3 42. Rd7+ Ke8 43. b7 Rxc5+ 44. Kxc5 Kxd7 45.
b8=Q 1-0

[Event "III Open Praiascacchi"]
[Site "Praia a Mare ITA"]
[Date "2011.04.22"]
[Round "5"]
[White "Gromovs, Sergejs"]
[Black "Gad, Ahmad"]
[Result "1-0"]
[WhiteElo "2308"]
[BlackElo "1954"]
[PlyCount "151"]
[EventDate "2011.04.20"]

1. d4 Nf6 2. Nf3 g6 3. c4 Bg7 4. Nc3 O-O 5. e4 d6 6. Be2 e5 7. dxe5 dxe5 8.
Qxd8 Rxd8 9. Nd5 Nxd5 10. cxd5 c6 11. Bc4 cxd5 12. Bxd5 Nc6 13. Bg5 Rd6 14.
O-O-O Kf8 15. Be3 Nd4 16. Nxd4 exd4 17. Bxd4 Bxd4 18. Rxd4 Be6 19. Rhd1 Rc8+
20. Kd2 Ke7 21. Ke3 Rc7 22. R1d2 h5 23. f4 Bc8 24. e5 Rd8 25. Bb3 Rh8 26. Rd6
Bf5 27. Bd5 Rhc8 28. Be4 Be6 29. a3 b6 30. Rf2 Rc1 31. Rdd2 R8c5 32. Rc2 Bb3
33. Rxc5 Rxc5 34. g3 Rc1 35. Kd4 Rd1+ 36. Kc3 Be6 37. Bc2 Re1 38. Rd2 Rh1 39.
Kb4 Bd7 40. Bd3 h4 41. gxh4 Rg1 42. Bb5 Be6 43. Bc4 Bc8 44. Kb5 Rg4 45. Rf2 Bb7
46. h5 gxh5 47. Be2 Rh4 48. a4 f6 49. Bc4 fxe5 50. fxe5 Bc6+ 51. Kxc6 Rxc4+ 52.
Kd5 Rxa4 53. Rc2 Ra5+ 54. Ke4 Rb5 55. Kf5 Rc5 56. Rg2 Kf7 57. Rg5 Rb5 58. Rxh5
Rxb2 59. Rh7+ Kg8 60. Rxa7 Rxh2 61. Ra8+ Kf7 62. Ra7+ Ke8 63. Rb7 Rh6 64. Ke4
Re6 65. Kd5 Re7 66. Rxb6 Ra7 67. Kd6 Kf8 68. Rb8+ Kg7 69. Rd8 Ra6+ 70. Ke7 Ra7+
71. Ke8 Kg8 72. e6 Ra6 73. Kd7+ Kg7 74. e7 Ra7+ 75. Kd6 Ra6+ 76. Kc5 1-0

[Event "III Open Praiascacchi"]
[Site "Praia a Mare ITA"]
[Date "2011.04.22"]
[Round "5"]
[White "Mercuri, Delia"]
[Black "Garofalo, Raffaele"]
[Result "0-1"]
[WhiteElo "1559"]
[BlackElo "1441"]
[PlyCount "66"]
[EventDate "2011.04.20"]

1. e4 d6 2. Nc3 Nf6 3. d3 g6 4. Nge2 Bg7 5. h3 c6 6. Be3 Be6 7. Nf4 Bd7 8. Qd2
e5 9. Nfe2 Be6 10. f4 exf4 11. Nxf4 O-O 12. O-O-O Na6 13. a3 Nc7 14. g4 d5 15.
Bc5 Re8 16. g5 Nd7 17. Bd6 Nb5 18. Nxb5 cxb5 19. Nxd5 Bxd5 20. exd5 Nb6 21. Bg3
Nxd5 22. h4 Nb6 23. Bg2 Nd5 24. d4 Ne3 25. Bxb7 Nxd1 26. Bxa8 Nxb2 27. Bc6 Nc4
28. Qh2 Re7 29. c3 Nxa3 30. Qb2 Qa5 31. Qa2 Qxc3+ 32. Kd1 Qd3+ 33. Qd2 Qb3+ 0-1

[Event "III Open Praiascacchi"]
[Site "Praia a Mare ITA"]
[Date "2011.04.22"]
[Round "5"]
[White "Morelli, Gaetano"]
[Black "Pelyushenko, Vladyslav"]
[Result "1-0"]
[WhiteElo "1840"]
[BlackElo "1800"]
[PlyCount "123"]
[EventDate "2011.04.20"]

1. e4 d6 2. d4 Nf6 3. Bd3 g6 4. Ne2 Bg7 5. c3 c6 6. O-O O-O 7. Ng3 Nbd7 8. f4
e5 9. f5 exd4 10. cxd4 Qb6 11. Be3 Qxb2 12. Nd2 Qc3 13. Nc4 Ng4 14. Qxg4 Qxd3
15. Qe2 Qxe2 16. Nxe2 d5 17. Nd6 dxe4 18. Ng3 Nb6 19. f6 Bh8 20. Bh6 Rd8 21.
Ngxe4 Nd5 22. Nxf7 Kxf7 23. Ng5+ Ke8 24. Bg7 Nxf6 25. Rxf6 Kd7 26. Rf7+ Kd6 27.
Be5+ Kd5 28. Rc1 b6 29. Rxh7 Bxe5 30. dxe5 Re8 31. Rd1+ Kc4 32. Ne4 Kb4 33. Nd6
Rxe5 34. Rh8 Rd5 35. Rxd5 cxd5 36. Nxc8 d4 37. Kf1 Ka3 38. Ke2 Kxa2 39. Kd3 b5
40. Re8 Ka3 41. Kxd4 b4 42. Re3+ b3 43. Nd6 a5 44. Nc4+ Kb4 45. Re4 a4 46. Nb6
Ra6 47. Kd3+ Ka3 48. Nc4+ Kb4 49. Nb2+ Ka3 50. Kc3 Rc6+ 51. Nc4+ Ka2 52. Re2+
Ka1 53. Kb4 Rxc4+ 54. Kxc4 b2 55. Re1+ Ka2 56. h4 a3 57. Kb4 b1=Q+ 58. Rxb1
Kxb1 59. Kxa3 Kc2 60. g4 Kd3 61. h5 gxh5 62. gxh5 1-0

[Event "III Open Praiascacchi"]
[Site "Praia a Mare ITA"]
[Date "2011.04.22"]
[Round "5"]
[White "Palermiti, Francesco"]
[Black "De Sio, Gennaro"]
[Result "0-1"]
[WhiteElo "1521"]
[BlackElo "1407"]
[PlyCount "78"]
[EventDate "2011.04.20"]

1. d4 d5 2. Nf3 e6 3. e3 c5 4. b3 Nf6 5. Bd3 Nc6 6. a3 Bd7 7. Nbd2 cxd4 8. exd4
Bd6 9. Bb2 a6 10. c4 dxc4 11. bxc4 O-O 12. c5 Be7 13. Nc4 Nd5 14. O-O b6 15.
Qc2 g6 16. cxb6 Nxb6 17. Nce5 Nxe5 18. Nxe5 Rc8 19. Qe2 a5 20. Nxd7 Qxd7 21.
Bb5 Qd8 22. a4 Nd5 23. Rac1 Qb6 24. Ba1 Bf6 25. Qg4 Rfd8 26. Rxc8 Rxc8 27. h4
h5 28. Qe4 Nc3 29. Bxc3 Rxc3 30. Rd1 Rc8 31. d5 exd5 32. Rxd5 Rc1+ 33. Kh2 Qxf2
34. Qf3 Qxh4+ 35. Qh3 Qf4+ 36. Qg3 Rh1+ 37. Kxh1 Qxg3 38. Bc4 Qe1+ 39. Kh2 Be5+
0-1

[Event "III Open Praiascacchi"]
[Site "Praia a Mare ITA"]
[Date "2011.04.22"]
[Round "5"]
[White "Pinton, Maurizio"]
[Black "Ljubisavljevic, Zivojin Z."]
[Result "1/2-1/2"]
[WhiteElo "2015"]
[BlackElo "2211"]
[PlyCount "32"]
[EventDate "2011.04.20"]

1. e4 d6 2. d4 g6 3. Nc3 Bg7 4. Be3 c6 5. Qd2 Qc7 6. Bd3 Nf6 7. Nf3 b5 8. h3 b4
9. Ne2 a5 10. O-O Ba6 11. Ng3 Bxd3 12. Qxd3 O-O 13. c4 bxc3 14. bxc3 Na6 15.
Rab1 c5 16. d5 Nd7 1/2-1/2

[Event "III Open Praiascacchi"]
[Site "Praia a Mare ITA"]
[Date "2011.04.22"]
[Round "5"]
[White "Rametta, Marcello"]
[Black "Forlano, Luigi"]
[Result "1-0"]
[WhiteElo "1725"]
[BlackElo "2035"]
[PlyCount "89"]
[EventDate "2011.04.20"]

1. e4 c6 2. d4 d5 3. exd5 cxd5 4. c3 Nc6 5. h3 Nf6 6. Nf3 Bf5 7. Nbd2 a6 8. Nb3
e6 9. Bd3 Bxd3 10. Qxd3 Bd6 11. Bg5 Qc7 12. O-O h6 13. Bd2 Ne4 14. Rfe1 g5 15.
Rad1 g4 16. hxg4 f5 17. gxf5 exf5 18. Nh4 O-O-O 19. Qh3 Ne7 20. Nxf5 Nxf5 21.
Qxf5+ Kb8 22. Be3 Rhg8 23. Nd2 Qg7 24. Qh3 Ng5 25. Bxg5 hxg5 26. g3 g4 27. Qg2
Rh8 28. Nf1 Rh6 29. Ne3 Rdh8 30. Kf1 Rh1+ 31. Ke2 R1h2 32. Qxd5 Bxg3 33. Ng2
Bc7 34. Kd2 g3 35. fxg3 Qxg3 36. Re2 Rg8 37. Ne3 Bf4 38. Qe4 Rxe2+ 39. Kxe2 Rh8
40. Rf1 Rh2+ 41. Kd3 Bxe3 42. Qxe3 Qg6+ 43. Kc4 b5+ 44. Kc5 Rh5+ 45. d5 1-0

[Event "III Open Praiascacchi"]
[Site "Praia a Mare ITA"]
[Date "2011.04.22"]
[Round "5"]
[White "Vizza, Pietro"]
[Black "Carlomagno, Feliciano"]
[Result "1-0"]
[WhiteElo "1479"]
[BlackElo "1353"]
[PlyCount "70"]
[EventDate "2011.04.20"]

1. e4 c5 2. c3 Nc6 3. d4 cxd4 4. cxd4 e6 5. Nf3 g6 6. Nc3 Bg7 7. Be3 Nge7 8.
Be2 d5 9. e5 Bd7 10. O-O O-O 11. Qd2 Nf5 12. Bf4 Qb6 13. Rfd1 Rac8 14. Rac1
Rfe8 15. g4 Nfe7 16. Nb5 Red8 17. Nd6 Rc7 18. Bh6 Bf8 19. Bxf8 Rxf8 20. Qh6 f6
21. exf6 Rxf6 22. Ng5 Nxd4 23. Qxh7+ Kf8 24. Qh8+ Ng8 25. Bd3 Qxd6 26. Nh7+ Kf7
27. Nxf6 Nxf6 28. Rxc7 Qxc7 29. Bxg6+ Kxg6 30. Rxd4 e5 31. Rd3 Qc1+ 32. Kg2
Nxg4 33. Qg8+ Kf6 34. Rf3+ Ke7 35. Qf8+ Ke6 1-0